000
00315nam a2200145Ia 4500
003
OSt
008
191201s2018 xx 000 0 und d
082
_a
004.678
_b
HAI
100
_a
HANES, David
245
0
_a
IOT Fundamentals
260
_b
Pearson
_c
2018
300
_a
543
650
_a
B.Tech(CSE)
942
_2
ddc
_c
BK
999
_c
7119
_d
7119